LIBRARY & INFORMATION CENTRE, KCAET, TAVANUR

ONLINE PUBLIC ACCESS CATALOGUE (OPAC)

Evaluation of power - tiller operated paddy transplanter (Record no. 15038)

MARC details
000 -LEADER
fixed length control field 00632nam a22001817a 4500
003 - CONTROL NUMBER IDENTIFIER
control field OSt
088 ## - REPORT NUMBER
Report number P 19
100 ## - MAIN ENTRY--AUTHOR NAME
Personal name NEERAJ BHATIA
-- VINAYA K. N
245 ## - TITLE STATEMENT
Title Evaluation of power - tiller operated paddy transplanter
260 ## - PUBLICATION, DISTRIBUTION, ETC. (IMPRINT)
Place of publication Tavanur 1993
Name of publisher Department of Farm Power Machinery and Energy
300 ## - PHYSICAL DESCRIPTION
Number of Pages 52
500 ## - GENERAL NOTE
General note Evaluation of power - tiller operated paddy transplanter
520 ## - SUMMARY, ETC.
Summary, etc Evaluation of power - tiller operated paddy transplanter
700 ## - ADDED ENTRY--PERSONAL NAME
Personal name Dr. M Sivaswami (Guide)
856 ## - ELECTRONIC LOCATION AND ACCESS
Uniform Resource Identifier https://drive.google.com/open?id=1vMbXziVhh__gwrBodLzOgyqbQYCFb_vv
942 ## - ADDED ENTRY ELEMENTS (KOHA)
Koha item type Project Report
Holdings
Collection code Home library Current library Shelving location Full call number Accession Number Koha item type
Reference KAUAET KAUAET Reference 631.3 NEE/EV P 19 Project Report
free website counter